Estadísticas para Regiones de Italia

Haz click aquí para tomar la prueba!

Estadísticas generales

  • Esta prueba ha sido tomada 917 veces
  • La puntuación promedio es 11 de 20

Estadísticas de respuestas

Capital Región % Correcto
PalermoSicilia
94%
CagliariCerdeña
86%
FlorenciaToscana
83%
VeneciaVéneto
71%
RomaLacio
71%
MilánLombardía
65%
CatanzaroCalabria
57%
TurínPiamonte
57%
BoloniaEmilia-Romaña
57%
GénovaLiguria
55%
AostaValle de Aosta
53%
NápolesCampania
48%
TrentoTrentino-Alto Adigio
46%
BariApulia
46%
PerusaUmbría
45%
L'AquilaAbruzos
43%
PotenzaBasilicata
38%
TriesteFriuli-Venecia Julia
38%
AnconaMarcas
33%
CampobassoMolise
31%

Distribución de puntuación

Porcentaje por número respondido

Porcentaje de gente con cada puntuación

Historial de tus puntuaciones

No has tomado esta prueba